01030nam a22002658 45000010005000000030008000050050017000130080041000300200017000710350035000880400032001230410013001550820028001681000040001962450092002362600054003283000032003824900053004145000061004675040041005286500046005696500026006157000083006418300040007248235BD-RjUL20211208234540.0140118s1988 nyua b 001 0 eng  a0883185806 : a(BD-RjUL)8280a(OCoLC)18412469 aDLCcDLCdMYGdBD-RjULbeng1 aenghrus00a530.15535bGLI 19882231 aGlasko, V. B.q(Vladlen Borisovich)10aInverse problems of mathematical physics /cby V.B. Glasko ; translated by Adam Bincer. aNew York :bAmerican Institute of Physics,c1988. aix, 97 p. :bill. ;c25 cm.1 aAmerican Institute of Physics translation series aTranslation of: Obratnye zadachi matematicheskoi fiziki. aIncludes bibliographical references. 0aInverse problems (Differential equations) 0aMathematical physics.1 aGlasko, V. B.q(Vladlen Borisovich).tObratnye zadachi matematicheskoi fiziki. 0aTranslation series (New York, N.Y.)